Dieciseis cuadros de Mir, Cabanyes, Ricart y Torrents, restaurados : nueva colección del Museo Balaguer / Enrique Francés nueva colección del Museo Balaguer / Enrique Francés
Publicado:
San Jorge, núm. 95 ( juny 1975), pàg 67 - 72 :
Materias:
Biblioteca Museu Víctor Balaguer
MARC
| LEADER | 00000nam a2200000Ia 4500 | ||
|---|---|---|---|
| 001 | |||
| 008 | 160829s9999 xx 000 0 cat d | ||
| 100 | |a Francés, Enrique |9 41706 | ||
| 245 | |a Dieciseis cuadros de Mir, Cabanyes, Ricart y Torrents, restaurados : |b nueva colección del Museo Balaguer / Enrique Francés | ||
| 260 | |a San Jorge, núm. 95 ( juny 1975), pàg 67 - 72 | ||
| 590 | |a Conté 13 fotografies | ||
| 610 | 2 | 0 | |a Biblioteca Museu Víctor Balaguer |9 54322 |
| 901 | |a Arxiu | ||
| 942 | |n 1 | ||
| 952 | |0 0 |1 0 |4 0 |7 1 |9 50379 |a Arxiu |b Arxiu |d 2016-12-01 |l 0 |r 2016-12-01 00:00:00 |w 2016-12-01 |y ARXIU | ||
| 999 | |c 54221 |d 54221 | ||